Представление документа в формате RUSMARC

ПолеНазваниеЗначение
  Тип записи a
  Библиографический уровень m
001 Контрольный номер RU/IS/BASE/566670183
005 Дата корректировки 20201206205114.2
010 Индекс ISBN __
a ISBN 978-5-93190-353-8
d Цена 150-00
100 Данные общей обработки __
a Данные общей обработки 19171215d2017||||||| 0rusy0189 ca
101 Язык документа 0_
a Язык текста rus
102 Страна публикации __
a Страна публикации ru|
105 Кодированные данные (монография) __
a Кодированные данные (монография) a|||||||000zy
200 Заглавие и сведения об ответственности 1_
a Заглавие Экономика организации
e Сведения, относящиеся к заглавию учебно-методическое пособие : направление подготовки 27.03.02 Управление качеством
f Первые сведения об ответственности Л. В. Латыпова ; Департамент образования и молодежной политики Ханты-Мансийского автономного округа - Югры, Бюджетное учреждение высшего образования Ханты-Мансийского автономного округа - Югры "Сургутский государственный педагогический университет"
b Общее обозначение материала Текст
210 Выходные данные __
a Место издания Сургут
c Издательство РИО СурГПУ
d Дата издания 2017
215 Физическое описание __
a Объем 100 с.
d Формат 30 см
300 Общие примечания __
a Общие примечания Обязат. экз. (2018)
300 Общие примечания __
a Общие примечания 100 экз.
320 Библиография __
a Библиография Библиография: с. 99-100 (39 названий)
330 Аннотация __
a Аннотация В пособие включены материалы и задания для самостоятельной работы, вопросы для самопроверки, примеры контрольных заданий.
606 Тематические рубрики __
a Основная рубрика Экономика
606 Тематические рубрики __
a Основная рубрика Экономика организации (предприятия, фирмы) в целом
610 Ключевые слова __
a Ключевые слова инновационная деятельность
a Ключевые слова контрольные вопросы
a Ключевые слова мотивация персонала
a Ключевые слова оплата труда
a Ключевые слова самостоятельные работы
a Ключевые слова финансы предприятия
a Ключевые слова экономика организации
a Ключевые слова экономика предприятия
a Ключевые слова эффективность работы
686 Индексы других классификаций __
2 Код системы rubbks
a Классификационный индекс 65.291я73
700 Автор _1
a Фамилия Латыпова
b Имя Л. В.
g Полное личное имя Лидия Васильевна
4 Код отношения 070
711 Наименование организации. (Альтернативная ответственность) __
a Организация/ юрисдикция Ханты-Мансийский автономный округ - Югра
b Другие уровни Департамент образования и молодежной политики
711 Наименование организации. (Альтернативная ответственность) __
a Организация/ юрисдикция Сургутский государственный педагогический университет
801 Источник записи _0
a Страна ru
b Организация Муниципальное бюджетное учреждение культуры "Централизованная библиотечная система" г. Сургут (Центральная городская библиотека им. А. С. Пушкина)
c Дата составления 20171215
g Правила каталогизации RCR
801 Источник записи _1
a Страна ru
b Организация Муниципальное бюджетное учреждение культуры "Централизованная библиотечная система" г. Сургут (Центральная городская библиотека им. А. С. Пушкина)
c Дата составления 20171215
g Правила каталогизации RCR
852 Данные о местонахождении __
j Шифр хранения 65.291я73
i Авторский знак Л 27
901 Тип документа __
t Тип документа m
a Ответственный КиК/Котельникова
903 Характеристики (МАРС) __
a Дата передачи 20171215
969 Тип издания __
a Тип издания учебное пособие; методическое пособие
990 Данные о заказе (DOS) __
j Количество экземпляров (DOS) 2
t N записи в КСУ для И/У (DOS) 201801